Quizzes
Events
Quiz Creation
Community
Videos
Private Events
Remove Ads
Sign In
Join for FREE
Feedback
Dark Mode
Quiz Categories
Sports
Geography
Music
Movies
Television
Just For Fun
Miscellaneous
History
Literature
Language
Science
Gaming
Entertainment
Religion
Holiday
For Kids
Quiz Lab
Recent
Popular Today
Quiz Kudos Today
Editor Picks
Curator Picks
Quizzes by...
Day
Popularity
Type
Ratings
Length
Year
Community
Subscriptions
Recent Discussions
Orange Saloon
Badges
Playlists
Quests
Create
Leaderboards
Showdown
Live 5
Trivia Bingo
Activity
Puzzle Library
Sporcle Events
Private Events
Virtual Trivia
Globe League
Become a Host
Pub Owners
SporcleCon
Opinionation
Our Games
Videos
Blog
Mobile Apps
Partnerships
Remove Ads and Go Orange
Feedback
Sports
Athletes
MLB
NBA
NHL
NFL
Soccer
Sports Teams
WWE
NCAA
Football
Premier League
Basketball
Baseball
Hockey
Golf
Tennis
Cricket
Rugby
Auto Racing
Olympics
World Cup
Sports
Athletes
MLB
NBA
NHL
NFL
Soccer
Sports Teams
WWE
NCAA
Football
Premier League
Basketball
Baseball
Hockey
Golf
Tennis
Cricket
Rugby
Auto Racing
Olympics
World Cup
Random Quiz
Search Sporcle
×
Quiz Lab
Quiz Lab
Sports
College
Type in answers that appear in a list
Type in answers that appear in a list
Classic
Best Score? Go Orange.
Sammy Baugh (Best College QB) Winners Stats
Can you name the Sammy Baugh (Best College QB) Winners?
By
DSwanson
7m
51 Questions
169 Plays
169 Plays
169 Plays
Comments
Comments
Give Quiz Kudos
Give Quiz Kudos
-
- Ratings
hide this ad
Replay
Link that replays current quiz
Next Quiz
Link to next quiz in quiz playlist
You Got
0%
They Got
Avg Score
26%
Avg Friend Score
Upgrade to see
Score Distribution
Jump to the score distribution portion of the page
Score
0/51
Timer
07:00
0
Plays Today
Year
% Correct
2008
Sam Bradford
93.5%
2005
Brady Quinn
85.8%
1999
Chad Pennington
72.8%
2006
Colt Brennan
72.8%
2000
Chris Weinke
69.8%
2007
Graham Harrell
69.2%
2001
David Carr
68%
1983
Steve Young
63.3%
1991
Ty Detmer
61.5%
1997
Ryan Leaf
55.6%
1998
Daunte Culpepper
55%
2009
Casey Keenum
50.3%
1995
Danny Wuerffel
46.2%
1994
Kerry Collins
44.4%
1982
John Elway
43.8%
1986
Vinny Testaverde
36.7%
1981
Jim McMahon
31.4%
2002
Kliff Kingsbury
30.8%
1989
Jeff George
29%
1966
Bob Griese
27.2%
1990
David Klingler
25.4%
1993
Trent Dilfer
23.7%
1988
Steve Walsh
20.1%
1992
Elvis Grbac
18.9%
1987
Don McPherson
16.6%
2003
B.J. Symons
16.6%
Year
% Correct
2004
Stefan Lefors
16%
1970
Pat Sullivan
13%
1979
Marc Wilson
12.4%
1984
Robbie Bosco
11.8%
1959
Dick Norman
11.2%
1967
Terry Hanratty
7.1%
1996
Steve Sarkisian
6.5%
1971
John Reaves
5.3%
1969
Mike Phipps
4.1%
1976
Tommy Kramer
4.1%
1961
Ron Miller
3.6%
1980
Mark Herrmann
3.6%
1972
Don Strock
3%
1962
Don Trull
2.4%
1963
Don Trull
2.4%
1964
Jerry Rhome
2.4%
1968
Chuck Hixson
1.2%
1965
Steve Sloan
1.2%
1973
Jesse Freitas
1.2%
1974
Gary Sheide
1.2%
1978
Steve Dils
1.2%
1985
Brian McClure
1.2%
1960
Hayseed Stephens
0.6%
1975
Gene Swick
0.6%
1977
Guy Benjamin
0.6%
Quiz Playlist
Details
Report
Send in Message
Add To Playlist
Classic:
Type in answers that appear in a list
Quiz Source
Last Updated: Feb 16, 2017
Quiz Scoreboard
CHALLENGE
Sign Up to Join the Scoreboard
Show All
Scores
Hide
Comments
May contain spoilers
Recently Published
College Basketball Coaching Resumes
by pancakes188
Sports
9m
Billboard Blitz: Fleetwood Mac
by CooCooCachoo
Music
15s
Presidents Visiting Landmarks
by Hejman
History
7m
More to Explore
Quiz From the Vault
Featured Blog Post
Where Did the Easter Bunny Come From?
hide this ad
You Might Also Like...
Tags
College Quiz
Quarterbacks
Sammy
team
Winner
Today's Top Quizzes in Sports
Browse Sports
hide this ad
Today's Top Quizzes in College
Browse College
Top Contributed Quizzes in Sports
1
2022 World Cup Stars
2
Les meilleurs buteurs des matchs entre le PSG et l’OM
3
FIFA Club World Cup Champions
4
Les entraîneurs de l'OM et du PSG au 21e siècle
5
Criteria MLB: Left Handed Sluggers
6
AFC Teams Reveal (Wrong Answers Minefield)
7
5-to-1: UK Sports Teams
8
5-to-1: FBS Animal Nicknames
9
2023 MLB Unique Player Accomplishments
10
Name the Premier League winners with different clubs
Explore More
Trending Topics
Kpop
Crossword
Disney
Harry Potter
Anime
NBA
Marvel
The Office
Country
NFL
Pokémon
Puzzle
Soccer
WWE
Song
hide this ad
More By:
DSwanson
Quiz
Plays
Rating
Category
Featured
Created
NFL Leading Rusher in the Super Bowl
90,868
4.43
Sports
Oct 20, 2009
NFL Rookie Receiving Leaders 2000-2018
3,033
4.43
Sports
Nov 9, 2009
Pro Bowl QB's of the 1990's
1,382
4.29
Sports
Oct 20, 2009
Bourbon Distilleries on KY Bourbon Trail
991
4.50
Just For Fun
Oct 19, 2009
Number these players wore?
575
4.40
Sports
Nov 3, 2009
Go to Creator's Profile
Score Distribution
Quiz Creator Spotlight
DSwanson
Follow
Send a Message
Quizzes Created
-
Created Quiz Play Count
-
More By This Creator
Popular Quizzes Today
1
Find the US States - No Outlines Minefield
2
Find the Countries of Europe - No Outlines Minefield
3
The Countries of the World
4
Find the US States
5
Risky Map Clicking: Biggest States A-Z
6
US States
7
Popular People in 1961
8
Movies - When Are They Set?
More Sports Quizzes
2021 NASCAR Winners (Cup, Xfinity, Truck)
Quiz Lab
Trending Quizzes
Risky Map Clicking: Least Populous States A-Z
1-10 Letter G Words
1-10 Letter F Words
Risky Map Clicking: Next State Alphabetically
Risky Map Clicking: Biggest States A-Z
Recently Updated
Leaping Animals
pecheneg
Reality TV Shows (A-Z)
bhenderson79
Rickey Henderson's Hall of Fame Teammates
pecheneg
Champions League XIs: Arsenal
pecheneg
Quick Pick: Celebrities in WWE's Hall of Fame
aduchscher
A-Z Keypad Blitz II
pecheneg
Multiple Oscar Actors
pecheneg
Mystery Phrase Blitz: Oscar 'Best Actors'
pecheneg
F. Scott Fitzgerald Novels
LTH
Pick 3 Villains
ddd62291
Trending Topics
Anime
Disney
Marvel
Crossword
NBA
Kpop
Harry Potter
Song
WWE
Soccer
Pokémon
Country
NFL
The Office
Puzzle
Your Account Isn't Verified!
In order to create a playlist on Sporcle, you need to verify the email address you used during registration. Go to your
Sporcle Settings
to finish the process.
Report this User
Report this user for behavior that violates our
Community Guidelines
.
Details:
Send Report
Go to the Sporcle.com Mobile Site →
Comments